| 000 | 00000nam 2200000zi 4500 |
| 001 | 9.939859 |
| 003 | CaOODSP |
| 005 | 20240626114226 |
| 006 | m o d f |
| 007 | cr bn||||||||| |
| 008 | 240626t19841984onca ob f000 0 fre d |
| 020 | |a066253056X |q(bilingue ; |qimprimé) |
| 040 | |aCaOODSP|bfre|erda|cCaOODSP |
| 043 | |an-cn-on|an-cn-qu|an-us-ny |
| 086 | 1 |aEn42-1/0-2-1F-PDF |
| 086 | 1 |aEn49-1/2-1 |
| 100 | 1 |aElder, F. C., |eauteur. |
| 245 | 10|aEffets du nitrate sur l'acidification du milieu aquatique / |cF.C. Elder, Centre canadien des eaux intérieures, Environnement Canada. |
| 264 | 1|a[Ottawa] : |b[Service de la protection de l'environnement], |c1984. |
| 264 | 4|c©1984 |
| 300 | |a1 ressource en ligne (14 pages) : |billustrations. |
| 336 | |atexte|btxt|2rdacontent/fre |
| 337 | |ainformatique|bc|2rdamedia/fre |
| 338 | |aressource en ligne|bcr|2rdacarrier/fre |
| 490 | 1 |a[Série de rapports du Service de la protection de l'environnement] |
| 500 | |aPublié aussi en anglais sous le titre : Effects of nitrate on the acidification of the aquatic system. |
| 500 | |a« Rapport SPE 2/TS/1, avril 1984. » |
| 500 | |aÉdition numérisée de l'imprimé [par Environnement et changement climatique Canada]. |
| 504 | |aComprend des références bibliographiques (pages 13-14). |
| 650 | 6|aPollution acide des cours d'eau, lacs, etc.|zOntario. |
| 650 | 6|aNitrates|xAspect de l'environnement|zOntario. |
| 650 | 6|aPollution acide des cours d'eau, lacs, etc.|zQuébec (Province) |
| 650 | 6|aNitrates|xAspect de l'environnement|zQuébec (Province) |
| 650 | 6|aPollution acide des cours d'eau, lacs, etc.|zNew York (État) |
| 650 | 6|aNitrates|xAspect de l'environnement|zNew York (État) |
| 710 | 1 |aCanada. |bService de la protection de l'environnement, |eorganisme de publication. |
| 775 | 08|tEffects of nitrate on the acidification of the aquatic system / |w(CaOODSP)9.939857 |
| 830 | #0|aSérie de rapports du Service de la protection de l'environnement.|w(CaOODSP)9.866045 |
| 856 | 40|qPDF|s359 Ko|uhttps://publications.gc.ca/collections/collection_2024/eccc/en42/En42-1-0-2-1-fra.pdf |